00916cam a22002531a 4500001001300000003000400013005001700017008004100034010001700075035002000092040005300112042001200165050002700177051001400204100004400218245005000262260003300312300002000345490007900365500009200444650004300536830006600579999001700645e 23000250 DLC20260227111214.0860218s1923 dcu f000 0 eng c ae 23000250  a(OCoLC)13166002 aLibrary, U.S. Bur. of EducationcABAUdABAUdDLC apremarc00aL111b.A6 1923, no. 19 aS533b.W71 aWorks, George A.q(George Alan),d1877-10aAgricultural education /cby George A. Works. aWashington :bG.P.O.,c1923. a21 p. ;c23 cm.1 aBulletin / Department of the Interior, Bureau of Education ;v1923, no. 19 a"Advance sheets from the Biennial survey of education in the United States, 1920-1922." 0aAgricultural educationzUnited States. 0aBulletin (United States. Bureau of Education) ;v1923, no. 19 c20635d20635